000 00424nam a2200169Ia 4500
003 GCL
008 140319s9999 xx 000 0 eng d
040 _aGCL /
_cGCL
082 0 4 _a841
_bG F
100 1 _aGIRAUDOUX, JEAN
245 1 0 _aLA FOLLE DE CHAILLOT /
_cGIRAUDOUX, JEAN
260 _a[S.N] :
_bBERNARD GRASSET ،
_c1994
300 _a157 P
490 _aLE LIVRE DE POCHE
_v0
650 0 4 _aPOESIS
942 _2ddc
_cBK
999 _c23408
_d23408